An introduction to Korean culture / (Record no. 27103)

MARC details
000 -LEADER
campo de control de longitud fija 00809cam a2200289 a 4500
001 - NÚMERO DE CONTROL
campo de control 30695
005 - FECHA Y HORA DE LA ÚLTIMA TRANSACCIÓN
campo de control 20230410103842.0
008 - DATOS DE LONGITUD FIJA--INFORMACIÓN GENERAL
campo de control de longitud fija 970902s1997 njuab b 001 0 eng
035 ## - NÚMERO DE CONTROL DEL SISTEMA
-- (DLC) 97074941
035 ## - NÚMERO DE CONTROL DEL SISTEMA
Número de control de sistema 117570
010 ## - NÚMERO DE CONTROL DE LA BIBLIOTECA DEL CONGRESO
Número de control de LC 97074941
020 ## - NÚMERO INTERNACIONAL ESTÁNDAR DEL LIBRO
Número Internacional Estándar del Libro 1565910869
040 ## - FUENTE DE CATALOGACIÓN
Centro catalogador/agencia de origen DLC
Centro/agencia transcriptor DLC
043 ## - CÓDIGO DE ÁREA GEOGRÁFICA
Código de área geográfica a-kr---
050 14 - SIGNATURA TOPOGRÁFICA DE LA BIBLIOTECA DEL CONGRESO
Número de clasificación 409 DS 904
Número de ítem I61 1997
245 03 - MENCIÓN DEL TÍTULO
Título An introduction to Korean culture /
Mención de responsabilidad, etc. edited by John H. Koo & Andrew C. Nahm.
246 30 - FORMA VARIANTE DEL TITULO
Título propio/Titulo breve Korean culture
260 ## - PUBLICACIÓN, DISTRIBUCIÓN, ETC.
Lugar de publicación, distribución, etc. Elizabeth, NJ :
Nombre del editor, distribuidor, etc. Hollym,
Fecha de publicación, distribución, etc. 1997.
300 ## - DESCRIPCIÓN FÍSICA
Extensión 479 p. :
Otras características físicas ill., maps ;
Dimensiones 24 cm.
504 ## - NOTA DE BIBLIOGRAFÍA, ETC.
Nota de bibliografía, etc. Includes bibliographical references and index.
590 ## - NOTA LOCAL (RLIN)
Nota local In English.
651 #0 - PUNTO DE ACCESO ADICIONAL DE MATERIA--NOMBRE GEOGRÁFICO
Nombre geográfico Korea
Subdivisión general Civilization.
700 1# - ENTRADA AGREGADA--NOMBRE PERSONAL
Nombre de persona Koo, John H.,
Fechas asociadas al nombre 1932-
700 1# - ENTRADA AGREGADA--NOMBRE PERSONAL
Nombre de persona Nahm, Andrew C.
942 ## - ELEMENTOS DE ENTRADA SECUNDARIOS (KOHA)
Fuente del sistema de clasificación o colocación Clasificación de Library of Congress
Tipo de ítem Koha
922 ## -
-- ad
Holdings
Estatus retirado Estado de pérdida Fuente del sistema de clasificación o colocación Estado de daño No para préstamo Colección Biblioteca de origen Biblioteca actual Ubicación en estantería Fecha de adquisición Serial enumeration / chronology Signatura topográfica completa Código de barras Visto por última vez Copia número Tipo de ítem Koha
    Clasificación de Library of Congress     Recursos Regionales Biblioteca Juan Bosch Biblioteca Juan Bosch Recursos Regionales (2do. Piso) 10/04/2023 1 409 DS 904 I61 1997 00000032316 23/10/2018 1